000 01361pam a2200421 a 4500
001 9150
003 FISKH
005 20251126084535.0
008 940511s1994 njua j 000 1 eng
010 _a 94020116
020 _a0816735956
_qhbk.
020 _a0816734259
_qpbk.
020 _a9780816735952
_q(hbk.)
020 _a9780816734252
_q(pbk.)
035 _a3486942
040 _aDLC
_cDLC
_dDLC
_beng
050 0 0 _aPZ8.3.K1268
_bBi 1994
082 _a554
100 1 _aKarnovsky, Susan.
245 1 0 _aBilly and the magic string /
_cby Susan Karnovsky ; illustrated by Chris Demarest.
260 _aMahwah :
_bTroll Associates,
_c1994.
300 _a44 unnumbered pages :
_bcolor illustrations ;
_c21 cm
336 _atext
_btxt
_2rdacontent
337 _aunmediated
_bn
_2rdamedia
338 _avolume
_bnc
_2rdacarrier
505 _aH
520 _aBilly finds a magic string and together they share some exciting fun.
521 8 _a430
_bLexile estimate
521 8 _aH
_bRaz-Plus
650 1 _aString
_vFiction.
650 1 _aAfrican Americans
_vFiction.
650 1 _aStories in rhyme.
655 7 _aFiction.
_2lcgft
_0https://id.loc.gov/authorities/genreForms/gf2014026339
700 1 _aDemarest, Chris L.,
_eillustrator
906 _a7
_bcbc
_corignew
_d1
_eocip
_f19
_gy-gencatlg
942 _2ddc
_cBK
_n0
999 _c9150
_d9150